000 00379 a2200157 4500
003 Nust
005 20230126150520.0
040 _cNust
082 _a828.6,BOS
100 _aBoswell, James
_977522
245 _aThe Life of Samuel Johnsons /
_cJames Boswell
260 _aNew York
_bJ.M Dent
300 _a636:p
650 _a Life of Samuel Johnsons
_9107799
942 _2ddc
_cBK
999 _c186046
_d186046